000 00269nam a2200109Ia 4500
008 220204s9999 xx 000 0 und d
082 _a331.5
_bGAR
100 _aGARRATY, John A
245 0 _aUnemployment in history
260 _aLondon
_bHarper & Row
_c1978
942 _cBK
999 _c34800
_d34800